HOI4 Countries - Statistics

General Stats
  • This quiz has been taken 1,247 times
    1,061 since last reset
  • The average score is 62 of 83
Answer Stats
Hint Answer % Correct
Europe UK
96%
Americas USA
94%
Asia China
93%
Europe France
92%
Europe Germany
92%
Asia Soviet Union
92%
Americas Canada
91%
Asia Japan
91%
Europe Spain
91%
Europe Sweden
89%
Americas Brazil
88%
Europe Finland
88%
Europe Poland
88%
Europe Portugal
88%
Europe Yugoslavia
88%
Oceania Australia
87%
Asia British Raj
87%
Europe Italy
87%
Europe Norway
87%
Europe Belgium
86%
Europe Denmark
86%
Americas Mexico
86%
Americas Argentina
85%
Asia Turkey
85%
Europe Austria
84%
Europe Greece
84%
Asia Iran
84%
Europe Netherlands
84%
Europe Romania
84%
Europe Luxembourg
83%
Europe Bulgaria
82%
Africa Ethiopia
82%
Europe Hungary
81%
Americas Colombia
80%
Americas Panama
80%
Europe Switzerland
79%
Americas Venezuela
79%
Europe Estonia
78%
Asia Iraq
78%
Oceania New Zealand
78%
Americas Peru
78%
Africa South Africa
78%
Americas Chile
77%
Europe Latvia
77%
Europe Lithuania
77%
Europe Czechoslovakia
76%
Europe Albania
75%
Europe Ireland
75%
Americas El Salvador
74%
Asia Afghanistan
73%
Americas Cuba
73%
Americas Ecuador
73%
Americas Honduras
73%
Asia Mongolia
73%
Americas Uruguay
73%
Americas Guatemala
72%
Africa Liberia
72%
Americas Paraguay
72%
Americas Nicaragua
71%
Asia Saudi Arabia
71%
Asia Siam
71%
Asia Dutch East Indies
70%
Americas Bolivia
69%
Americas Costa Rica
69%
Americas Haiti
67%
Americas Dominican Republic
66%
Asia Yemen
65%
Asia Oman
63%
Asia Bhutan
62%
Asia Communist China
60%
Asia Nepal
60%
Asia British Malaya
57%
Asia Manchukuo
57%
Asia Tibet
53%
Asia Tannu Tuva
52%
Asia Philippines
49%
Asia Yunnan
49%
Asia Guangxi Clique
42%
Asia Sinkiang
42%
Asia Shanxi
40%
Asia Xibei San Ma
40%
Africa Aussa
33%
Asia Mengkukuo
28%
No matching quizzes found
Score Distribution
Percent of People with Each Score
Percentile by Number Answered
Your Score History
You have not taken this quiz since the last reset